The Walking Dead Characters by Picture - Statistics

General Stats
  • This quiz has been taken 358 times
  • The average score is 53 of 147
Answer Stats
Picture Answer % Correct
Rick
98%
Daryl
97%
Carl
95%
Glenn
94%
Shane
94%
Carol
93%
Morgan
90%
Hershel
89%
Hershel
89%
Maggie
88%
Lori
87%
T-Dog
86%
Andrea
85%
Michonne
85%
Merle
83%
Beth
80%
Dale
80%
Sophia
80%
Abraham
78%
Negan
76%
Sasha
73%
Gabriel
72%
Eugene
71%
Rosita
71%
Judith
68%
Tara
68%
Alpha
65%
Bob
65%
Jesus
65%
Aaron
63%
Beta
63%
Ed
63%
The Governor
63%
Amy
60%
Tyreese
60%
Enid
59%
Ezekiel
58%
Otis
58%
Dwight
56%
Jim
55%
Lizzie
55%
Noah
50%
Duane
49%
Simon
48%
Lydia
46%
Morales
45%
Dog
44%
Axel
41%
Jerry
41%
Jacqui
40%
Mika
40%
Sam
39%
RJ
38%
Shiva
38%
Spencer
38%
Patricia
36%
Gareth
35%
Milton
35%
Deanna
34%
Henry
34%
Denise
33%
Jimmy
33%
Ron
33%
Gregory
32%
Jessie
32%
Olivia
32%
Oscar
32%
Oscar
32%
Siddiq
32%
Connie
31%
Dawn
31%
Heath
30%
Magna
29%
Yumiko
29%
Martinez
28%
Randall
28%
Lilly
27%
Nicholas
27%
Pete
27%
Princess
27%
Gamma
26%
Eric
24%
Joe
24%
Luke
24%
Eastman
23%
Alden
22%
Benjamin
22%
Meghan
22%
Reg
20%
Tomas
20%
Kelly
19%
Mercer
19%
Anne
18%
Arat
18%
Laura
18%
Leah
18%
Pamela
18%
Pope
18%
Sherry
18%
Andrew
17%
Aiden
16%
Gracie
16%
Tobin
16%
Richard
15%
Gavin
14%
DJ
13%
Lance
13%
Nabila
13%
Owen
13%
Tammy
13%
Dante
12%
Dianne
12%
Elijah
12%
Rachel
12%
Sebastian
12%
Jared
11%
Beatrice
10%
Cyndie
10%
Earl
10%
Scott
10%
Virgil
10%
Francine
9%
Kal
9%
Annie
8%
Carver
8%
Ozzy
8%
Maxxine
7%
Adeline
5%
Bruce
5%
Cole
5%
Frost
5%
Gage
5%
Gary
5%
Harlan
5%
Jed
5%
Jules
5%
Marco
5%
Regina
5%
Rodney
5%
Agatha
4%
Alek
4%
Barbara
4%
Duncan
4%
Eduardo
4%
Shira
4%
Tomichi
4%
Roman
2%
No matching quizzes found
Score Distribution
Percent of People with Each Score
Percentile by Number Answered
Your Score History
You have not taken this quiz